000
00306nam a2200121 a 4500
005
20140414131857.0
008
100914s19uu xx 00 eng d
050
_a
FIL
_b
L72 2005
100
_a
Santos, Marivic
245
_a
Little bells.
260
_a
Manila, Philippines :
_b
Jo-Es,
_c
2005.
999
_c
110525
_d
110525